| 000 | 00566nam a22001697a 4500 | ||
|---|---|---|---|
| 999 |
_c14990 _d14990 |
||
| 003 | OSt | ||
| 082 | _2631.56 ANO/ST | ||
| 088 | _aP 218 | ||
| 100 |
_aANOOP A _aDEEPIKA S.V _aJAISY JOSEPH _92393 |
||
| 245 | _aStandardization of a technology for virgin coconut oil | ||
| 260 |
_aTavanur 2010 _bKelappaji College of Agricultural Engineering and Technology |
||
| 300 | _a43 | ||
| 500 | _aStandardization of a technology for virgin coconut oil | ||
| 520 | _aStandardization of a technology for virgin coconut oil | ||
| 700 |
_aDr. V Ganesan (Guide) _92273 |
||
| 942 | _cPR | ||